Microsoft Windows 3.1

Uložené v:
Podrobná bibliografia
Hlavný autor: Jamsa, Kris
Médium: Kniha
Jazyk:Czech
Vydavateľské údaje: Praha Grada 1993
Vydanie:1. vyd.
Tagy: Pridať tag
Žiadne tagy, Buďte prvý, kto otaguje tento záznam!

MARC

LEADER 00000nam a2200000 4500
001 c005693
005 20250522121439.6
020 |a 80-85623-77-3 
041 0 |a cze 
044 |a CZ 
245 1 0 |a Microsoft Windows 3.1  |c Kris Jamsa 
250 |a 1. vyd. 
264 1 |a Praha  |b Grada  |c 1993 
300 |a 250 s. 
100 1 |a Jamsa, Kris